The yoga tradition : (Record no. 4153)

MARC details
000 -LEADER
fixed length control field 00668cam a2200193 4500
001 - CONTROL NUMBER
control field 4980
005 - DATE AND TIME OF LATEST TRANSACTION
control field 20181127174535.0
008 - FIXED-LENGTH DATA ELEMENTS--GENERAL INFORMATION
fixed length control field 980415s1998 azua b 001 0 eng
010 ## - LIBRARY OF CONGRESS CONTROL NUMBER
LC control number 98023466
020 ## - INTERNATIONAL STANDARD BOOK NUMBER
International Standard Book Number 0934252882 (cloth : alk. paper)
International Standard Book Number 9788120819238
100 1# - MAIN ENTRY--PERSONAL NAME
Personal name Feuerstein, Georg.
245 14 - TITLE STATEMENT
Title The yoga tradition :
Remainder of title its history, literature, philosophy, and practice /
Statement of responsibility, etc. Georg Feuerstein ; foreword by Ken Wilber.
260 ## - PUBLICATION, DISTRIBUTION, ETC.
Place of publication, distribution, etc. Prescott, Ariz. :
Name of publisher, distributor, etc. Hohm Press,
Date of publication, distribution, etc. c1998.
300 ## - PHYSICAL DESCRIPTION
Extent xxxii, 682 p. :
Other physical details ill. ;
Dimensions 28 cm.
504 ## - BIBLIOGRAPHY, ETC. NOTE
Bibliography, etc. note Includes bibliographical references (p. 613-641) and index.
650 #0 - SUBJECT ADDED ENTRY--TOPICAL TERM
Topical term or geographic name entry element Yoga.
Holdings
Withdrawn status Lost status Source of classification or shelving scheme Damaged status Not for loan Collection code Home library Current library Shelving location Date acquired Serial Enumeration / chronology Inventory number Total Checkouts Full call number Barcode Date last seen Date last checked out Price effective from Koha item type
    Dewey Decimal Classification     Main TEST RTC Library RTC Library Main opac 01/03/2021 8163 2 181.4 FEU 30007735 08/03/2023 09/08/2021 27/11/2018 Main
Royal Thimphu College || All Right Reserved